| 000 | 00509nam a2200205Ia 4500 | ||
|---|---|---|---|
| 003 | OSt | ||
| 005 | 20230418114911.0 | ||
| 008 | 210423s2011 xx 000 0 und d | ||
| 020 | _a9780748638857 | ||
| 040 | _cAL | ||
| 041 | _aeng | ||
| 082 | _a808.81 WILN | ||
| 100 |
_aWILLIAMS (Nerys). _989960 |
||
| 245 | _aContemporary poetry. | ||
| 260 |
_aEdinburgh _bEdinburgh University Press _c2011 |
||
| 300 |
_axxiii,264 _bPB |
||
| 365 |
_b1462 _cINR |
||
| 906 | _aContemporary ; poetry. | ||
| 942 |
_2ddc _cBK |
||
| 999 |
_c160046 _d160046 |
||